CONMEBOL: Clubes campeões - Statistics

Estatísticas Gerais
  • Esse quiz foi jogado 132 vezes
  • A pontuação média é 28 de 40
Estatísticas das Respostas
Título(s) País Resposta % Correto
18 (6 Libertadores; 3 Intercontinentais; 1 Supercopas Libertadores; 1 Copa Master da Supercopa; 4 Recopas; 1 Copa de Ouro e 2 Sul-Americanas) ARG Boca Juniors
98%
6 (3 Libertadores; 1 Intercontinental e 2 Recopas) BRA Grêmio
97%
17 (7 Libertadores; 2 Intercontinentais; 2 Supercopas Libertadores; 3 Copas Interamericanas; 1 Recopa; 2 Sul-Americanas e 1 Suruga Bank) ARG Independiente
97%
12 (4 Libertadores; 1 Intercontinental; 1 Supercopa Libertadores; 3 Recopas; 1 Sul-Americana; 1 Copa Interamericana e 1 Suruga Bank) ARG River Plate
97%
11 (3 Libertadores; 2 Intercontinentais; 1 Copa Conmebol; 1 Supercopa Libertadores; 1 Copa Master da Conmebol; 2 Recopas e 1 Sul-Americana) BRA São Paulo
97%
8 (3 Libertadores; 2 Intercontinentais; 1 Recopa Intercontinental; 1 Copa Conmebol e 1 Recopa) BRA Santos
96%
2 (1 Libertadores e 1 Recopa) BRA Corinthians
95%
8 (3 Libertadores; 1 Intercontinental; 1 Supercopa Libertadores; 1 Copa Interamericana e 2 Recopas) PAR Olimpia
94%
9 (5 Libertadores; 3 Intercontinentais e 1 Recopa Intercontinental) URU Peñarol
94%
6 (2 Libertadores; 1 Intercontinental; 1 Recopa; 1 Copa de Ouro e 1 Copa Mercosul) BRA Flamengo
93%
6 (2 Libertadores; 2 Recopas; 1 Sul-Americana e 1 Suruga Bank) BRA Internacional
93%
9 (3 Libertadores; 3 Intercontinentais; 2 Copas Interamericanas e 1 Recopa) URU Nacional
93%
7 (2 Libertadores; 2 Supercopas Libertadores; 1 Copa Master da Supercopa; 1 Recopa e 1 Copa de Ouro) BRA Cruzeiro
92%
2 (1 Libertadores e 1 Copa Mercosul) BRA Palmeiras
92%
4 (1 Libertadores; 2 Copas Conmebol e 1 Recopa) BRA Atlético Mineiro
90%
6 (4 Libertadores; 1 Intercontinental e 1 Copa Interamericana) ARG Estudiantes
89%
7 (2 Libertadores; 1 Recopa; 2 Copas Merconorte e 2 Copas Interamericanas) COL Atlético Nacional
85%
2 (1 Libertadores; 1 Recopa e 1 Copa Interamericana) CHI Colo-Colo
85%
3 (1 Libertadores; 1 Sul-Americana e 1 Copa Mercosul) ARG San Lorenzo
82%
3 (1 Libertadores; 1 Intercontinental e 1 Supercopa Libertadores) ARG Racing
80%
2 (1 Sul-Americana e 1 Suruga Bank) BRA Athletico Paranaense
73%
1 (Libertadores) BRA Vasco da Gama
73%
5 (1 Libertadores; 1 Intercontinental; 1 Supercopa Libertadores; 1 Recopa e 1 Copa Interamericana) ARG Vélez Sarsfield
71%
1 (Copa Conmebol) BRA Botafogo
70%
2 (1 Libertadores e 1 Copa Interamericana) ARG Argentinos Juniors
66%
1 (Libertadores) COL Once Caldas
61%
1 (Sul-Americana) BRA Chapecoense
58%
2 (1 Copa Conmebol e 1 Sul-Americana) ARG Lanús
54%
1 (Sul-Americana) CHI Universidad de Chile
51%
1 (Copa Interamericana) CHI Universidad Católica
49%
1 (Copa Merconorte) COL América
48%
1 (Copa Conmebol) ARG Rosário Central
46%
1 (Sul-Americana) EQU Independiente del Valle
45%
2 (1 Sul-Americana e 1 Recopa) PER Cienciano
43%
2 (1 Sul-Americana e 1 Suruga Bank) COL Santa Fe
36%
1 (Copa Conmebol) ARG Talleres
35%
2 (1 Sul-Americana e 1 Suruga Bank) ARG Arsenal
34%
4 (1 Libertadores; 1 Sul-Americana e 2 Recopas) EQU LDU Quito
34%
1 (Copa Merconorte) COL Millonarios
30%
1 (Copa Ganadores de Copa) BOL Mariscal Santa Cruz
3%
Nenhum quiz correspondente encontrado
Distribuição das Pontuações
Porcentagem de Pessoas com Cada Pontuação
Percentil de Números Respondidos
Sua Pontuação Histórica
Você não jogou esse quiz